One Direction - Stole My Heart Lyrics - Statistics

General Stats
  • This quiz has been taken 8 times
  • The average score is 204 of 292
Answer Stats
Section Answer % Correct
a
100%
and
100%
And
100%
heart
100%
I
100%
"I
100%
in
100%
it
100%
love
100%
my
100%
stole
100%
Verse The
100%
the
100%
To
100%
to
100%
you
100%
you"
100%
fell
86%
girl
86%
like
86%
no
86%
that
86%
all
71%
but
71%
for
71%
just
71%
know
71%
life
71%
look
71%
me
71%
on
71%
one
71%
When
71%
with
71%
With
71%
your
71%
around
57%
Around
57%
be
57%
can
57%
Cause
57%
cause
57%
don't
57%
Pre-Chorus Don't
57%
face
57%
good
57%
hot
57%
I've
57%
light
57%
lights
57%
matter
57%
minute
57%
now
57%
round
57%
saw
57%
say
57%
so
57%
steal
57%
they
57%
this
57%
time
57%
tonight
57%
Took
57%
turned
57%
Chorus Under
57%
we
57%
been
43%
Been
43%
better
43%
Come
43%
come
43%
doesn't
43%
friends
43%
it's
43%
mind
43%
night
43%
Oh
43%
oh
43%
put
43%
right
43%
shines
43%
Bridge There
43%
Intro Waiting
43%
waiting
43%
yeah
43%
As
29%
getting
29%
head
29%
hit
29%
Verse I'm
29%
is
29%
make
29%
much
29%
shoulders
29%
sound
29%
think
29%
wanna
29%
arms
14%
fail
14%
fall
14%
ground
14%
here
14%
lay
14%
other
14%
place
14%
rather
14%
start
14%
stay
14%
Than
14%
there's
14%
weaker
14%
worlds
14%
would
14%
No matching quizzes found
Score Distribution
Percent of People with Each Score
Percentile by Number Answered
Your Score History
You have not taken this quiz